000 00389 a2200157 4500
001 186097
020 _a85-336-1616-3
040 _cMagnum
100 _aLewis, C.s.
240 1 0 _aAs crônicas de nárnia: o sobrinho do mago
_lpor
245 1 0 _aAs crônicas de nárnia: o sobrinho do mago
300 _a190
362 0 _a2003
697 _aLITERATURA JUVENIL ESTRANGEIRA
942 _cBK
999 _c186097
_d186097